000 00707cam2a220021700 4500
001 tmp15220841
003 UPRA
005 20190830113959.0
008 950718s1936 sz ger u
035 _a(Sirsi) r71407
035 _a(UPRA)tmp15220841
040 _cUPRA
050 0 _aDQ 648 Boe 1936
100 1 _aBoettcher, Paul.
_6A32587.1
245 1 4 _aDas Tessintal :
_bVersuch einer landerkundlichen Darstellung.
260 _aAarau :
_bH.R. Sauerlander,
_c1936.
504 _aBibliography: p.274-280.
651 0 _aTicino -- Description and travel.
_xTicino -- Description and travel.
_6S24315.1
949 _aDQ 648 Boe 1936
_wlcc
_c 1
_i33729000047261
_mMAIN
_p2500
_tBOOK
_lON-SHELF
004 71407
999 _c193720
_d193720